Statistiques concernant Pays se terminant par "i"

Cliquez ici pour prendre le quiz!

Statistiques générales

  • Ce quiz a été pris 301 fois
    (258 depuis la dernière actualisation)
  • Le résultat moyen est 7 sur 11

Statistiques - réponses

Pays% Correct
Chili
91%
Fidji
79%
Mali
77%
Kiribati
75%
Malawi
67%
Haïti
66%
Eswatini
62%
Burundi
60%
Djibouti
59%
Brunei
47%
Royaume Uni
38%

Distribution des résultats

Percentile par nombre de réponses

% des personnes avec chaque résultat

Votre développement - résultats

Vous n’avez pas pris ce quiz depuis la dernière actualisation